000 00396 a2200169 4500
001 72696
020 _a8508046030
040 _cAnchieta - Colégio São Paulo
100 _aVerissimo, Luis Fernando
240 1 0 _aO nariz e outras crônicas
_lpor
245 1 0 _aO nariz e outras crônicas
300 _a88
362 0 _a2000
440 1 _aÁtica
650 4 _aLiteratura juvenil
942 _cBK
999 _c72696
_d72696